Navier-Stokes equations : (Record no. 8705)

MARC details
000 -LEADER
fixed length control field 01141cam a22002894a 4500
001 - CONTROL NUMBER
control field 12244831
003 - CONTROL NUMBER IDENTIFIER
control field OSt
005 - DATE AND TIME OF LATEST TRANSACTION
control field 20240621153141.0
008 - FIXED-LENGTH DATA ELEMENTS--GENERAL INFORMATION
fixed length control field 001130r20011977riu b 001 0 eng
010 ## - LIBRARY OF CONGRESS CONTROL NUMBER
LC control number 00067641
020 ## - INTERNATIONAL STANDARD BOOK NUMBER
International Standard Book Number 0821827375 (alk. paper)
040 ## - CATALOGING SOURCE
Original cataloging agency MUST LIB
Transcribing agency MUST
Modifying agency MUST
042 ## - AUTHENTICATION CODE
Authentication code pcc
050 00 - LIBRARY OF CONGRESS CALL NUMBER
Classification number QA374
Item number .T44 2001
082 00 - DEWEY DECIMAL CLASSIFICATION NUMBER
Classification number 532
Edition number 21
Item number TEM
100 1# - MAIN ENTRY--PERSONAL NAME
Personal name Temam, Roger.
9 (RLIN) 17598
245 10 - TITLE STATEMENT
Title Navier-Stokes equations :
Remainder of title theory and numerical analysis /
Statement of responsibility, etc. by Roger Temam.
260 ## - PUBLICATION, DISTRIBUTION, ETC. (IMPRINT)
Place of publication, distribution, etc. Providence, R.I. :
Name of publisher, distributor, etc. AMS Chelsea Pub.,
Date of publication, distribution, etc. 2001.
300 ## - PHYSICAL DESCRIPTION
Extent xiv, 408 p. ;
Dimensions 26 cm.
500 ## - GENERAL NOTE
General note "Third (revised) edition"--P. xi.
500 ## - GENERAL NOTE
General note Originally published: Amsterdam ; New York : North-Holland, 1977. With new introd.
504 ## - BIBLIOGRAPHY, ETC. NOTE
Bibliography, etc Includes bibliographical references and index.
650 #0 - SUBJECT ADDED ENTRY--TOPICAL TERM
Topical term or geographic name as entry element Navier-Stokes equations.
9 (RLIN) 17599
906 ## - LOCAL DATA ELEMENT F, LDF (RLIN)
a 7
b cbc
c orignew
d 1
e ocip
f 20
g y-gencatlg
942 ## - ADDED ENTRY ELEMENTS (KOHA)
Source of classification or shelving scheme Dewey Decimal Classification
Koha item type Open Shelf
Holdings
Withdrawn status Lost status Source of classification or shelving scheme Damaged status Not for loan Home library Current library Date acquired Source of acquisition Inventory number Total Checkouts Full call number Barcode Date last seen Price effective from Koha item type
    Dewey Decimal Classification     MUST Main Library MUST Main Library 21/06/2024 Purchase 07/29162   532 TEM 2024-21022 21/06/2024 21/06/2024 Open Shelf
    Dewey Decimal Classification     MUST Main Library MUST Main Library 24/06/2024 Purchase 2007/29283   532 TEM 1984 2024-21092 24/06/2024 24/06/2024 Open Shelf